<?xml version="1.0" encoding="UTF-8"?>
<record
    xmlns:xsi="http://www.w3.org/2001/XMLSchema-instance"
    xsi:schemaLocation="http://www.loc.gov/MARC21/slim http://www.loc.gov/standards/marcxml/schema/MARC21slim.xsd"
    xmlns="http://www.loc.gov/MARC21/slim">

  <leader>00729ngm a2200181 i 4500</leader>
  <controlfield tag="001">C2-0344356</controlfield>
  <controlfield tag="003">PPAK</controlfield>
  <controlfield tag="005">20180727222841.0</controlfield>
  <controlfield tag="008">171231s2013    cau|||| |||||  |  vleng d</controlfield>
  <datafield tag="040" ind1=" " ind2=" ">
    <subfield code="a">PPAK</subfield>
    <subfield code="b">eng</subfield>
    <subfield code="c">PPAK</subfield>
    <subfield code="e">rda</subfield>
  </datafield>
  <datafield tag="245" ind1="1" ind2="4">
    <subfield code="a">The croods</subfield>
  </datafield>
  <datafield tag="264" ind1=" " ind2="1">
    <subfield code="a">California : </subfield>
    <subfield code="b">Dreamworks Animation , </subfield>
    <subfield code="c">2013</subfield>
  </datafield>
  <datafield tag="500" ind1=" " ind2=" ">
    <subfield code="a">In English, Cantonese, Traditional Mandarin or Vietnamese dialogues; with optional in English, Cantonese, Indonesian, malay, Traditional Mandarin and Vietnamese subtitles. ; Summary : When their home is destroyed, a prehistoric family trave</subfield>
  </datafield>
  <datafield tag="700" ind1=" " ind2=" ">
    <subfield code="e">author</subfield>
  </datafield>
  <datafield tag="700" ind1="1" ind2=" ">
    <subfield code="a">DeMicco, Kirk ; Sanders, Chris, </subfield>
    <subfield code="e">compile</subfield>
  </datafield>
  <datafield tag="700" ind1="1" ind2=" ">
    <subfield code="a">Dapkewicz, Eric ; Holmes, Darren T., </subfield>
    <subfield code="e">editor</subfield>
  </datafield>
  <datafield tag="942" ind1=" " ind2=" ">
    <subfield code="2">ddc</subfield>
    <subfield code="c">DVD</subfield>
  </datafield>
  <datafield tag="999" ind1=" " ind2=" ">
    <subfield code="c">168093</subfield>
    <subfield code="d">168093</subfield>
  </datafield>
  <datafield tag="952" ind1=" " ind2=" ">
    <subfield code="0">0</subfield>
    <subfield code="1">0</subfield>
    <subfield code="2">ddc</subfield>
    <subfield code="4">0</subfield>
    <subfield code="7">0</subfield>
    <subfield code="b">PPAK</subfield>
    <subfield code="c">G</subfield>
    <subfield code="d">2018-02-12</subfield>
    <subfield code="e">TBCB</subfield>
    <subfield code="l">5</subfield>
    <subfield code="o">791.4334 CLE</subfield>
    <subfield code="p">A01555450</subfield>
    <subfield code="r">2022-03-05 00:00:00</subfield>
    <subfield code="s">2022-02-03</subfield>
    <subfield code="v">32.90</subfield>
    <subfield code="y">DVD</subfield>
  </datafield>
</record>
